000 004080000a22001690004500
003 MACL
005 20160106172436.0
008 160106b xxu||||| |||| 00| 0 eng d
040 _aMACL
_cMACL
041 _aEnglish
082 _a841/HET
100 _aHugo, Victor
_919598
245 _aLegende Des Siecles
260 _bJ Hetzel & co
_aParis
650 _aFrench Poetry
_929046
942 _cBK
_k841/HET
_2ddc
999 _c36619
_d36619